Mujercitas / (Registro nro. 9456)

Detalles MARC
000 -LIDER
fixed length control field 00771nam a22003257a 4500
001 - NÚMERO DE CONTROL
Identificador de número de control 00757
003 - IDENTIFICACDOR DE NÚMERO DE CONTROL
control field DO-SdBNP
005 - DATE AND TIME OF LATEST TRANSACTION
control field 20180131120330.0
007 - CAMPOS FIJOS DE DESCRIPCIÓN FÍSICA
fixed length control field 00757
008 - ELEMENTOS DE LONGITUD FIJA
fixed length control field 151106b 1976 sp |||| |||| 00| 0 spa d
020 ## - ISBN
International Standard Book Number 8420113179
040 ## - FUENTE DE CATALOGACIÓN
Agencia que crea de manera original el registro BPMSU
Idioma de catalogación spa
Agencia que realiza la transcripción BPMSU
041 17 - CÓDIGOS DE OBRAS TRADUCIDAS O EN VARIOS IDIOMAS
Código del idioma del texto/archivo de sonido o separata spa
Cód. del idioma original y/o traducciones intermedias del texto
092 ## - LOCALLY ASSIGNED DEWEY DECIMAL CALL NUMBER
Número de clasificación
Número de ítem (Cutter)
100 10 - ASIENTO PRINCIPAL -- NOMBRE PERSONAL
Nombre personal Alcott, Louise May
240 ## - TITULO UNIFORME
Título uniforme Little Women
Idioma de una obra spa
245 ## - MENCIÓN DE TITULO
Título Mujercitas /
Mención de responsabilidad Louise May Alcott
250 ## - MENCIÓN DE EDICION
Mención de edición 12a. edición
260 ## - PUBLICACIÓN, DISTRIBUCIÓN, ETC. (PIE DE IMPRENTA)
Lugar de publicación, distribución, etc Barcelona :
Nombre del editor, distribuidor, etc. AFHA
Fecha de publicación, distribución, etc 1976
300 ## - DESCRIPCIÓN FÍSICA
Extensión 194 p. :
Otros detalles físicos il.,
Dimensiones 21cm.
490 10 - MENCIÓN DE SERIES
Mención de serie
490 10 - MENCIÓN DE SERIES
Mención de serie AFHA
Volume/sequential designation 8
700 12 - ASIENTO SECUNDARIO -- NOMBRE PERSONAL
Nombre personal
Fechas asociadas con el nombre
Mención de responsabilidad
700 10 - ASIENTO SECUNDARIO -- NOMBRE PERSONAL
Nombre personal
Fechas asociadas con el nombre
Mención de responsabilidad
830 00 - ASIENTO SECUNDARIO DE SERIE--TÍTULO UNIFORME
Título uniforme AFHA
Nombre de la parte o sección de una obra 8
830 00 - ASIENTO SECUNDARIO DE SERIE--TÍTULO UNIFORME
Título uniforme
942 ## - ADDED ENTRY ELEMENTS (KOHA)
Source of classification or shelving scheme Dewey Decimal Classification
Koha item type Libros
945 ## - INFORMACIÓN DE PROCESAMIENTO LOCAL
Información de procesamiento local Inventariado, 2018/ YL
956 ## - LOCAL ELECTRONIC LOCATION AND ACCESS (OCLC)
Nombre de host VMATEO
Método de acceso 10
Materiales especificados 20160317
Enlace BPMSU
Campo enlazado y núm. de secuencia 0069
Existencias
Withdrawn status Lost status Source of classification or shelving scheme Damaged status Not for loan Home library Current library Date acquired Source of acquisition Total Checkouts Barcode Date last seen Price effective from Koha item type
    Dewey Decimal Classification     Biblioteca Pública Metropolitana Salomé Ureña Biblioteca Pública Metropolitana Salomé Ureña 03/30/2016 FUNDI   BPMSU16030349 03/30/2016 03/30/2016 Libros